Managing local government /
Managing the contemporary local authority. Managing competition. Management and the public. Management in a comparative context. Managing services and measuring performance. The management of information. Managing the new local governance.
保存先:
| 第一著者: | |
|---|---|
| フォーマット: | 図書 |
| 言語: | English |
| 出版事項: |
London :
Chapman and Hall,
1995.
|
| 主題: | |
| タグ: |
タグ追加
タグなし, このレコードへの初めてのタグを付けませんか!
|
| Thư viện lưu trữ: | Mạng thư viện Đại học Đà Nẵng |
|---|
| LEADER | 01118cam a2200349 i 4500 | ||
|---|---|---|---|
| 001 | 000049381 | ||
| 003 | 9126 | ||
| 005 | 20030319101132.0 | ||
| 008 | 010316|1995 vm 000 eng | ||
| 020 | |a 0412497204 | ||
| 040 | |a IRC |c IRC |d IRC | ||
| 041 | 0 | |a eng | |
| 082 | 1 | 4 | |a 352.041 |b FE-J |
| 100 | 1 | |a Fenwick, John. | |
| 245 | 0 | 0 | |a Managing local government / |c John Fenwick. |
| 260 | |a London : |b Chapman and Hall, |c 1995. | ||
| 300 | |a ix, 204 p. : |b ill. ; |c 24.5cm. | ||
| 520 | 3 | |a Managing the contemporary local authority. Managing competition. Management and the public. Management in a comparative context. Managing services and measuring performance. The management of information. Managing the new local governance. | |
| 630 | 0 | 4 | |a Management. |
| 630 | 0 | 4 | |a Great Britain. |
| 630 | 0 | 4 | |a Local government. |
| 650 | 0 | 4 | |a Local government |z Great Britain |x Management. |
| OWN | |a DUT | ||
| 999 | |a From the UDN01 | ||
| TYP | |a Monograph | ||
| TYP | |a Printed language | ||
| 980 | |a Mạng thư viện Đại học Đà Nẵng | ||


